000 00638nam a2200253Ia 4500
005 20260121114405.0
008 008 260114s9999 xx 000 0 eng d
020 _a9781119549178
037 _aEBOOK
040 _aCRL
040 _beng
040 _cCRL
041 _2eng
041 _aeng
084 _qCRL
100 _aRussell Hitchings
_9974390
245 4 _aThe Unsettling Outdoors - Environmental Estrangement in Everyday Life
260 _bWiley
260 _c2021
856 _uhttps://onlinelibrary.wiley.com/doi/book/10.1002/9781119549178
942 _cEBOOK
999 _c1553644
_d1553644